00541 a2200157 450000500170000001000150001702000300003203500140006203700160007608200180009210000180011024500640012826000580019227001110025030000220036120211216125854.0 aENG-130373 c452.00a978-81-945229-6-6 aEN-113905 bDBAD / PUB a595.789095414 aRanjan, Vinay aFlora of Gorumara National Park:cVinay Ranjan, Anant Kumar bThe Director Botanical Survey of IndiaaKolkatac2020 bKolkataaCGO Complex, 3rd MSO Building Block-F, 5th & 6th Floor, DF-Block Sector-I, Salt Lake Citye700064 a127p.c24cm (hbk)